Le monde arabe en morceaux : Des printemps arabes à Daech (notice n° 2187374)

détails MARC
000 -LEADER
fixed length control field 01662cam a2200133 4500500
005 - DATE AND TIME OF LATEST TRANSACTION
control field 20260405064342.0
041 ## - LANGUAGE CODE
Language code of text/sound track or separate title fre
042 ## - AUTHENTICATION CODE
Authentication code dc
100 10 - MAIN ENTRY--PERSONAL NAME
Personal name Thépaut, Charles
Relator term author
245 00 - TITLE STATEMENT
Title Le monde arabe en morceaux : Des printemps arabes à Daech
260 ## - PUBLICATION, DISTRIBUTION, ETC.
Name of publisher, distributor, etc. Armand Colin,<br/>
Date of publication, distribution, etc. 2017.<br/>
520 ## - SUMMARY, ETC.
Summary, etc. Véritable boîte à outils pour suivre l’actualité politique arabe, cet ouvrage s’appuie sur l’histoire longue des pays d’Afrique du Nord et du Moyen-Orient afin d’en expliquer les dernières crises : soulèvements de 2011, chute de régimes autoritaires, émergence de Daech, affrontements confessionnels, etc.Mêlant synthèse de la recherche académique, cartes ou anecdotes de terrain, ce manuel de politique arabe décrypte l’évolution d’une région fragmentée, dont le destin est plus que jamais lié à celui de l’Europe. Le Maghreb reste un voisin mal connu. Les conflits en Syrie, en Libye et au Yémen, ou encore la reconquête irakienne contre Daech, amplifient la perception européenne d’un espace constamment en guerre. Les fortunes du Golfe alimentent les polémiques sur le rôle de ces pays dans l’économie mondiale et dans la diffusion de conceptions religieuses rigoristes.S’il faut comprendre les conflits autant que la place de la religion dans les pays arabes, il est aussi important de porter son regard au-delà des chocs les plus spectaculaires. Derrière les violences qui crèvent l’écran, les sociétés se transforment en silence et dessinent tant bien que mal leur avenir.
856 41 - ELECTRONIC LOCATION AND ACCESS
Uniform Resource Identifier <a href="https://shs.cairn.info/le-monde-arabe-en-morceaux--9782200617097?lang=fr&redirect-ssocas=7080">https://shs.cairn.info/le-monde-arabe-en-morceaux--9782200617097?lang=fr&redirect-ssocas=7080</a>

Pas d'exemplaire disponible.

PLUDOC

PLUDOC est la plateforme unique et centralisée de gestion des bibliothèques physiques et numériques de Guinée administré par le CEDUST. Elle est la plus grande base de données de ressources documentaires pour les Étudiants, Enseignants chercheurs et Chercheurs de Guinée.

Adresse

627 919 101/664 919 101

25 boulevard du commerce
Kaloum, Conakry, Guinée

Réseaux sociaux

Powered by Netsen Group @ 2025